Código procesal civil y comercial de la Provincia de Buenos Aires /
Guardado en:
| Formato: | Libro |
|---|---|
| Idioma: | Spanish |
| Publicado: |
Buenos Aires :
Erreius,
2024.
|
| Edición: | 1a. ed. |
| Materias: | |
| Etiquetas: |
Agregar Etiqueta
Sin Etiquetas, Sea el primero en etiquetar este registro!
|
| LEADER | 00691nam a22001935a 4500 | ||
|---|---|---|---|
| 001 | DER.der015020 | ||
| 008 | 240710s2024####ag############000#0#spa#d | ||
| 005 | 20250918122134.0 | ||
| 245 | 1 | 0 | |a Código procesal civil y comercial de la Provincia de Buenos Aires / |c Buenos Aires. |
| 250 | |a 1a. ed. | ||
| 260 | |a Buenos Aires : |b Erreius, |c 2024. | ||
| 300 | |a 506 p. | ||
| 020 | |a 9789877934632 | ||
| 240 | 1 | 0 | |a Buenos Aires - Códigos |
| 650 | 7 | |a DERECHO PROCESAL CIVIL | |
| 859 | |a DERECHO |b BIB. DERECHO |h 348.023 |i BUE |p 0010461 | ||
| 859 | |a DERECHO |b BIB. DERECHO |h 348.023 |i BUE |p 0010462 |t 1 | ||
| 859 | |a DERECHO |b BIB. DERECHO |h 348.023 |i BUE |p 0010463 |t 2 | ||
| 859 | |a DERECHO |b BIB. DERECHO |h 348.023 |i BUE |p 0010464 |t 3 | ||
